<?xml version="1.0" encoding="UTF-8"?>
<marc:record xmlns:marc="http://www.loc.gov/MARC21/slim">
   <marc:leader>00000nam a2200000 a 4500</marc:leader>
   <marc:datafield ind1="0" ind2="0" tag="245">
      <marc:subfield code="a">Die Farbe des Horizonts</marc:subfield>
   </marc:datafield>
   <marc:datafield ind1=" " ind2="1" tag="264">
      <marc:subfield code="b">Tobis Home Entertainment</marc:subfield>
      <marc:subfield code="c">2018</marc:subfield>
   </marc:datafield>
   <marc:datafield ind1="1" ind2=" " tag="520">
      <marc:subfield code="a">Nach einer wahren Geschichte inszeniert vom Survival-Thriller-Spezialisten Baltasar Kormákur mit Shootingstar Shailene Woodley und Frauenschwarm Sam Claflin. Die lebenslustige Tami möchte am liebsten die ganze Welt erkunden. Kaum hat die junge Kalifornierin ihren Abschluss in der Tasche, lässt sie sich frei von allen Regeln von einem Traumziel zum nächsten treiben. Als sie ihr Weg schließlich nach Tahiti führt, lernt sie den erfahrenen Segler Richard kennen. Bis über beide Ohren verliebt, beschließen die beiden, gemeinsam in See zu stechen und sich in das Abenteuer ihres Lebens zu stürzen. Doch mitten auf dem Pazifik, 2000 Seemeilen vom nächsten Festland entfernt, geraten sie plötzlich in einen gewaltigen Hurrikan. Es beginnt ein Wettlauf gegen die Zeit: Kann Tami sich und ihre große Liebe retten? (Verlagstext) 
</marc:subfield>
   </marc:datafield>
   <marc:datafield ind1="3" ind2=" " tag="024">
      <marc:subfield code="a">4061229093705</marc:subfield>
   </marc:datafield>
</marc:record>
